00502nam a2200169Ia 4500008004100000082001300041100002300054245003000077250000800107260003300115300000800148500002400156650002400180942000700204952010400211999001700315230524s9999 xx 000 0 und d a6.3bSCH aDJ.Schwartz916955 4aThe Magic of Thinking Big a1ST aNEW DELHIbPocketbooksc1995 a348 aQuantity Number: 1 aMiscellaneous91877 cBK 00104070aTATCLbTATCLcGENd2023-05-24l0o006.3 SCHp4268r2023-05-24w2023-05-24yBKzCPEC5305 c25646d25646